Lo urbano y lo rural, una relación indisociable: importancia del suelo de conservación del Distrito Federal /
Uloženo v:
| Hlavní autor: | |
|---|---|
| Médium: | Text |
| Témata: | |
| Tagy: |
Přidat tag
Žádné tagy, Buďte první, kdo vytvoří štítek k tomuto záznamu!
|
MARC
| LEADER | 00000 a a2200000 04500 | ||
|---|---|---|---|
| 001 | 5376 | ||
| 003 | |||
| 040 | |||
| 100 | |a Martínez Rivera, Sergio E. | ||
| 245 | |a Lo urbano y lo rural, una relación indisociable: |b importancia del suelo de conservación del Distrito Federal / |c Sergio E. Martínez Rivera | ||
| 650 | |a MEDIO URBANO | ||
| 650 | |a AMBIENTE RURAL | ||
| 650 | |a POLITICAS URBANAS | ||
| 650 | |a PRODUCCION AGROPECUARIA | ||
| 650 | |a URBANIZACION | ||
| 650 | |a MEXICO | ||
| 773 | |g número 339; páginas 34-45 | ||
| 999 | |c 26462 |d 26462 | ||
